000 00300nam a2200121Ia 4500
008 190216s9999||||xx |||||||||||||| ||und||
100 _aJain D K
245 0 _aProject Planning And Apprical In Planned Economy
260 _bUppal Pub House
_c1981
300 _a203p
650 _aEconomics
942 _cBK
999 _c9555
_d9555